| 000 | 00682cam a2200241 4500500 | ||
|---|---|---|---|
| 005 | 20260405002320.0 | ||
| 041 | _afre | ||
| 042 | _adc | ||
| 100 | 1 | 0 |
_aOrtoli, Sven _eauthor |
| 245 | 0 | 0 | _a“Une ligne rouge entre amis et ennemis ?” |
| 260 | _c2016. | ||
| 500 | _a74 | ||
| 690 | _aAmérique | ||
| 690 | _aAmi | ||
| 690 | _aCarl Schmitt | ||
| 690 | _aDonald Trump | ||
| 690 | _aEnnemi | ||
| 690 | _aHillary Clinton | ||
| 690 | _aObama | ||
| 690 | _aPolitique | ||
| 786 | 0 | _nPhilosophie magazine | 105 | 12-1 | 2016-12-01 | p. 7-7 | 1951-1787 | |
| 856 | 4 | 1 | _uhttps://shs.cairn.info/magazine-philosophie-magazine-2016-12-1-page-7?lang=fr&redirect-ssocas=7080 |
| 999 |
_c2056545 _d2056545 |
||